Southville International School and Colleges
Your cart is empty.
  • Cart
  • Lists
    Public lists list_1 View all
    Your lists Log in to create your own lists
  • Log in to your account
  • Your cookies
  • Search history
Southville International School and Colleges
  • Advanced search
  • Recent comments
  • Most popular
  • Libraries

Log in to your account

Log in with GOOGLE


If you do not have an external account, but do have a local account, you can still log in:

  1. Home
  2. MARC view: Seven blind mice /
Normal view MARC view ISBD view

Seven blind mice / (Record no. 113749)

[ view plain ]
MARC details
000 -LEADER
fixed length control field 00400nam a2200169 a 4500
001 - CONTROL NUMBER
control field 0636
005 - DATE AND TIME OF LATEST TRANSACTION
control field 20140414132037.0
008 - FIXED-LENGTH DATA ELEMENTS--GENERAL INFORMATION
fixed length control field 040202s19uu xx 00 eng d
020 ## - INTERNATIONAL STANDARD BOOK NUMBER
International Standard Book Number 0-590-46971-1
050 ## - LIBRARY OF CONGRESS CALL NUMBER
Classification number TR
Item number SE1 1992
100 ## - MAIN ENTRY--PERSONAL NAME
Personal name Young, Ed
245 ## - TITLE STATEMENT
Title Seven blind mice /
Statement of responsibility, etc Ed Young.
260 ## - PUBLICATION, DISTRIBUTION, ETC. (IMPRINT)
Place of publication, distribution, etc U.S.A :
Name of publisher, distributor, etc Scholastic,
Date of publication, distribution, etc 1992.
300 ## - PHYSICAL DESCRIPTION
Extent p. ; cm.
500 ## - GENERAL NOTE
General note TR/PS
Holdings
Withdrawn status Lost status Damaged status Use restrictions Home library Current library Shelving location Date acquired Source of acquisition Total Checkouts Full call number Barcode Date last seen Price effective from Koha item type
        Munich Library Munich Library Teachers Reference Section 02/02/2004     TR SE1 1992 M5378 04/14/2014 04/14/2014 Books

Seven blind mice /

APA

Young E., . (1992). Seven blind mice. U.S.A: Scholastic.

Chicago

Young Ed, . 1992. Seven blind mice. U.S.A: Scholastic.

Harvard

Young E., . (1992). Seven blind mice. U.S.A: Scholastic.

MLA

Young Ed, . Seven blind mice. U.S.A: Scholastic. 1992.

  • Place hold
  • Print
  • Cite
  • Add to your cart (remove)
  • Save record
    BIBTEX Dublin Core MARCXML MARC (non-Unicode/MARC-8) MARC (Unicode/UTF-8) MARC (Unicode/UTF-8, Standard) MODS (XML) RIS
  • More searches
    Search for this title in:
    Other Libraries (WorldCat) Other Databases (Google Scholar) Online Stores (Bookfinder.com) Open Library (openlibrary.org)

Exporting to Dublin Core...

SOUTHVILLE LIBRARY

Southville International School and Colleges Library

1281 Tropical Ave. Cor. Luxembourg St., BF Homes International, Las Pinas City

Tel. No. 8256374 / 252358 Loc. 117/146

Powered by Koha